ბათუმის შოთა რუსთაველის სახელმწიფო უნივერსიტეტის ბიბლიოთეკა

ქართული ოთხთავის სიმფონია = Симфония-словарь к грузинскому четвероглаву (ბიბ.ჩანაწერი № 44733)

000 -LEADER
fixed length control field 01175nam a2200253Ia 4500
001 - CONTROL NUMBER
control field 11538
003 - CONTROL NUMBER IDENTIFIER
control field GE_BSU
008 - FIXED-LENGTH DATA ELEMENTS--GENERAL INFORMATION
fixed length control field 181216s||||||||xx |||||||||||||| ||und||
040 ## - CATALOGING SOURCE
Transcribing agency GE_BSU
080 ## - UNIVERSAL DECIMAL CLASSIFICATION NUMBER
Universal Decimal Classification number 27–247(038)+81'374.26:27-247=353.1'01
100 ## - MAIN ENTRY--PERSONAL NAME
Personal name იმნაიშვილი,ი.
245 ## - TITLE STATEMENT
Title ქართული ოთხთავის სიმფონია = Симфония-словарь к грузинскому четвероглаву
245 ## - TITLE STATEMENT
Remainder of title ლექსიკონი.
245 ## - TITLE STATEMENT
Statement of responsibility, etc. ა.შანიძის რედაქციით.
260 ## - PUBLICATION, DISTRIBUTION, ETC.
Name of publisher, distributor, etc. საქ.სსრ მეცნ.აკად.გამ-ბა.
260 ## - PUBLICATION, DISTRIBUTION, ETC.
Date of publication, distribution, etc. 1949.
300 ## - PHYSICAL DESCRIPTION
Extent 839გვ;25სმ.
520 ## - SUMMARY, ETC.
Summary, etc. ძველი ქართული ენის ძეგლები.6.
653 ## - INDEX TERM--UNCONTROLLED
Uncontrolled term =Симфония-словарь к грузинскому четвероглаву
653 ## - INDEX TERM--UNCONTROLLED
Uncontrolled term რელიგია. სახარება. ლექსიკონი.
653 ## - INDEX TERM--UNCONTROLLED
Uncontrolled term სახარება; ძველი აღთქმა;
653 ## - INDEX TERM--UNCONTROLLED
Uncontrolled term ქართული ოთხთავის სიმფონია.
942 ## - ADDED ENTRY ELEMENTS (KOHA)
Koha item type წიგნი
ეგზემპლარები
Withdrawn status Lost status Damaged status Not for loan Date acquired Barcode Date last seen Price effective from Koha item type
        2018-12-17 19390 2018-12-17 2018-12-17 წიგნი